00921cac a22002531u 4500090000900000008004100009020002300050020001700073020001700090020001700107022001500124082002100139100003400160245008600194260003900280300002200319504005000341650003700391700002900428830004400457942002800501999001500529952012300544 c4715081106t1994 xxu||||| |||| 00| 0 eng d a0863772803 (pbk) : a086377279X : a0863772803 : a0863772803 : a09659706 : a155.09 20bB9885 aButterworth, George  aPrinciples of developmental psychology /cGeorge Butterworth and Margaret Harris. aHove :bLawrence Erlbaum, cc1994. a x, 277p.c24 cm. aincludes bibliographical references and index aDevelopmental psychology History aHarris, Margaret,c1951- a( The principles of psychology series.) cBBk155.09 20B98852ddc c4715d4715 00104070aMAINbMAINcLOWd2016-09-07ePurchasel5m10o155.0920 BUTp000005843r2025-07-15 00:00:00s2020-11-01yBB